Evaluación de proyectos sociales

Enregistré dans:
Détails bibliographiques
Auteurs principaux: Cohen, Ernesto (Auteur), Franco, Rolando (Auteur)
Format: Livre
Langue:espagnol
Publié: Ciudad de México Siglo Veintiuno 1992
Édition:1a. ed
Sujets:
Tags: Ajouter un tag
Pas de tags, Soyez le premier à ajouter un tag!

MARC

LEADER 00000cam a2200000 a 4500
001 UCI8370
003 CL-VaPUC
008 080828e19920000MX |||||||||||||||||spa|d
020 |a 968231768X 
082 0 4 |a 361.61  |b COH  |2 21 
100 0 |a Cohen, Ernesto  |e author  |9 531856 
700 0 |a Franco, Rolando  |e author  |9 531857 
245 1 0 |a Evaluación de proyectos sociales 
250 |a 1a. ed 
300 |a 318 p 
942 |c BK 
945 |d 20080828 00:00:00  |a jtorresc 
260 |a Ciudad de México  |b Siglo Veintiuno  |c 1992 
500 |a 7a reimpresión 2009 
650 0 |a Políticas sociales  |9 358116 
650 0 |a Evaluación de proyectos   |9 259341 
650 0 |a Desarrollo social  |9 264534 
583 |a last modification  |c 20111212 08:10:29  |k Rodrigo Vera 
999 |c 331297  |d 331295 
952 |0 0  |1 0  |4 0  |6 361_610000000000000_COH_1992  |7 0  |8 A  |9 417674  |a BIBGIM  |b BIBGIM  |d 2019-11-22  |i 4474880  |o 361.61 COH 1992  |p 4474880  |r 2025-01-15  |w 2019-11-22  |y BK  |k SSL 
952 |0 0  |1 0  |4 0  |6 361_610000000000000_COH_1992  |7 0  |8 A  |9 417675  |a BIBGIM  |b BIBGIM  |d 2019-11-22  |i 4539885  |o 361.61 COH 1992  |p 4539885  |r 2025-01-15  |w 2019-11-22  |y BK  |k SSL 
952 |0 0  |1 0  |4 0  |6 361_610000000000000_COH_1992  |7 0  |8 A  |9 417676  |a BIBGIM  |b BIBGIM  |d 2019-11-22  |i 4539893  |o 361.61 COH 1992  |p 4539893  |r 2025-01-15  |w 2019-11-22  |y BK  |k SSL 
952 |0 0  |1 0  |4 0  |6 361_610000000000000_COH_1992  |7 0  |8 A  |9 417677  |a BIBGIM  |b BIBGIM  |d 2019-11-22  |i 4814800  |o 361.61 COH 1992  |p 4814800  |r 2025-01-15  |w 2019-11-22  |y BK  |k SSL 
952 |0 0  |1 0  |4 0  |6 361_610000000000000_COH_1992  |7 0  |8 A  |9 417678  |a BIBGIM  |b BIBGIM  |d 2019-11-22  |i 4814819  |o 361.61 COH 1992  |p 4814819  |r 2025-01-15  |w 2019-11-22  |y BK  |k SSL